Science Quiz

Random Science or Grab Bag Quiz

Math Grab Bag Quiz Stats

Quiz Updated Feb 11, 2012

Also try: Fast Math
Challenge
Share
Tweet
Embed
Score 0/65 Timer 09:00
0 Plays Today
% Correct
Triangle
93.1%
Addition
89.1%
Division
88.7%
Multiplication
88.6%
Subtraction
88.2%
Octagon
87.7%
Pentagon
87.7%
Hexagon
86%
3.14
83.8%
Sine
83.1%
Cosine
83.1%
Heptagon
81.5%
Tangent
80.4%
Equilateral
73.2%
Exponents
72.1%
Quadrilateral
68%
Cotangent
66.8%
Parentheses
66.6%
Isosceles
65.6%
Secant
60%
Cosecant
57.4%
Scalene
55.3%
Gradient, Nabla
46.5%
Real Numbers
46.4%
Isaac Newton or Gottfried Leibniz
45.6%
Integral
42.3%
2.71
36.8%
Quadratic
36.7%
Integers
36.1%
Parabola
33.9%
Linear
33.5%
Ellipse
32.2%
Natural Numbers
32.1%
% Correct
Cubic
31.4%
Hyperbola
31.1%
Rational Numbers
28.6%
Euclid
27.8%
Complex Numbers
25.7%
Quartic
24.3%
Erat
20.7%
Quintic
20.6%
Quod
20%
Removable (or Hole)
18.8%
Arithmetic
18.6%
Partial derivative, Boundary
17.9%
Geometric
17.5%
Sextic
15%
Jump (or Step)
14.8%
Union
14.8%
1.61
14.2%
Intersection
13.3%
Demonstrandum
12.3%
Essential (or Infinite)
10.6%
Uniform Norm
10%
Transitivity
9%
Reflexivity
8.1%
Complement
8.1%
Symmetry
7.7%
Harmonic
5.7%
Georg Cantor
5.3%
Euclidean Norm
3.2%
Diophantus or Muhammad al-Khwārizmī
2.9%
Edward Lorenz
2.8%
Taxicab or Manhattan Norm
2.4%
Hipparchus
2.1%

You're not logged in!

Compare scores with friends on all Sporcle quizzes.
Sign Up with Email
OR
Log In

You Might Also Like...

Show Comments

Extras

Top Quizzes Today


Score Distribution

Your Account Isn't Verified!

In order to create a playlist on Sporcle, you need to verify the email address you used during registration. Go to your Sporcle Settings to finish the process.